Non-conventional energy sources and utilisation: Energy engineering (Record no. 21722)

MARC details
000 -LEADER
fixed length control field 00508nam a2200181Ia 4500
008 - FIXED-LENGTH DATA ELEMENTS--GENERAL INFORMATION
fixed length control field 230917s9999||||xx |||||||||||||| ||und||
020 ## - ISBN
Price RS370
040 ## - CATALOGING SOURCE
-- 238556
Original cataloging agency VIVEKANANDA LIBRARY
041 ## - Language
-- English
082 ## - DDC NUMBER
Classification number 621.47 R137N(2)
100 ## - MAIN ENTRY--PERSONAL NAME
Personal name Rajput, R K
245 #0 - TITLE STATEMENT
Title Non-conventional energy sources and utilisation: Energy engineering
250 ## - EDITION STATEMENT
Edition statement 2nd ed.
260 ## - PUBLICATION, DISTRIBUTION, ETC. (IMPRINT)
Place of publication, distribution, etc New Delhi
Name of publisher, distributor, etc S Chand
Date of publication, distribution, etc 2016
300 ## - PHYSICAL DESCRIPTION
Pages xxviii, 432 p.
500 ## - GENERAL NOTE
General note 2638 03/03/2017 HBD17/6940 30/03/2017 Main Budget
942 ## - ADDED ENTRY ELEMENTS (KOHA)
Koha item type Books
Holdings
Withdrawn status Lost status Damaged status Not for loan Location (home branch) Sublocation or collection (holding branch) Shelving location Date acquired Koha issues (times borrowed) Koha full call number Accession No. Koha date last seen Koha item type
        VIVEKANANDA LIBRARY VIVEKANANDA LIBRARY UIET Library 08/06/2017   621.47 R137N(2) 361930 17/09/2023 Books
        VIVEKANANDA LIBRARY VIVEKANANDA LIBRARY UIET Library 08/06/2017   621.47 R137N(2) 361931 17/09/2023 Books
        VIVEKANANDA LIBRARY VIVEKANANDA LIBRARY UIET Library 08/06/2017 1 621.47 R137N(2) 361932 10/04/2024 Books
© Designed and Maintained by Vivekananda Library, MDU Rohtak